| 000 | 00986nam a2200253 i 4500 | ||
|---|---|---|---|
| 003 | EG-ScBUE | ||
| 005 | 20231105135910.0 | ||
| 008 | 090726s2007 u af 000 0cara d | ||
| 017 | _a2007 / 17601 | ||
| 020 | _a9774198646 | ||
| 040 |
_aEG-ScBUE _bara _erda _cEG-ScBUE _dEG-ScBUE |
||
| 082 | 0 | 4 |
_a509.2 _bك ذ ل _222 |
| 100 | 1 |
_aكذلك، محمد محمد، _eمؤلف. |
|
| 245 | 1 | 0 |
_aعباقرة وعلماء غيروا وجه العالم : _bأسرار جديدة عن سيرتهم الذاتية / _cمحمد محمد كذلك. |
| 264 | 1 |
_aالقاهرة : _bالهيئة المصر العاملة للكتاب، _c2007. |
|
| 300 |
_a166 صفحة ؛ _c23 سم. |
||
| 336 |
_2rdacontent _aنص _btxt |
||
| 337 |
_2rdamedia _aبدون وسيط _bn |
||
| 338 |
_2rdacarrier _aمجلد _bnc |
||
| 490 | 0 |
_aمكتبة الأسرة. _aسلسلة العلوم والتكنولوجيا |
|
| 650 | 7 |
_2BUEsh _aالعلماء _vتراجم. |
|
| 655 | _vReading book | ||
| 942 |
_2ddc _cBB |
||
| 999 |
_c12410 _d12410 |
||